Martín Fierro. (Record no. 1825)

MARC details
000 -LEADER
fixed length control field 01885cas a2200493 a 4500
001 - CONTROL NUMBER
control field data
005 - DATE AND TIME OF LATEST TRANSACTION
control field 20260322212120.0
008 - FIXED-LENGTH DATA ELEMENTS--GENERAL INFORMATION
fixed length control field data
010 ## - LIBRARY OF CONGRESS CONTROL NUMBER
LC control number 96655625
029 1# - OTHER SYSTEM CONTROL NUMBER (OCLC)
OCLC library identifier AU@
System control number 000025648350
029 1# - OTHER SYSTEM CONTROL NUMBER (OCLC)
OCLC library identifier NZ1
System control number 12424099
029 1# - OTHER SYSTEM CONTROL NUMBER (OCLC)
OCLC library identifier NZ1
System control number 4748658
035 ## - SYSTEM CONTROL NUMBER
System control number (OCoLC)34666548
040 ## - CATALOGING SOURCE
Original cataloging agency AUM
Language of cataloging eng
Transcribing agency AUM
Modifying agency OCLCL
-- OCLCQ
-- OCLCF
-- OCLCO
-- OCLCQ
-- IUL
-- OCLCL
042 ## - AUTHENTICATION CODE
Authentication code pcc
043 ## - GEOGRAPHIC AREA CODE
Geographic area code s-ag---
050 00 - LIBRARY OF CONGRESS CALL NUMBER
Classification number NX531.A1
Item number M37
130 0# - MAIN ENTRY--UNIFORM TITLE
Uniform title Martín Fierro (Buenos Aires, Argentina : 1924)
245 10 - TITLE STATEMENT
Title Martín Fierro.
260 ## - PUBLICATION, DISTRIBUTION, ETC.
Place of publication, distribution, etc. Buenos Aires, Argentina :
Name of publisher, distributor, etc. Fondo Nacional de las Artes,
Date of publication, distribution, etc. 1995.
300 ## - PHYSICAL DESCRIPTION
Extent 1 volume :
Other physical details illustrations ;
Dimensions 41 cm
336 ## - CONTENT TYPE
Content type term text
Content type code txt
Source rdacontent
337 ## - MEDIA TYPE
Media type term unmediated
Media type code n
Source rdamedia
338 ## - CARRIER TYPE
Carrier type term volume
Carrier type code nc
Source rdacarrier
362 0# - DATES OF PUBLICATION AND/OR SEQUENTIAL DESIGNATION
Dates of publication and/or sequential designation Año 1, no. 1 (feb. 1924)-Año 4, no. 44/45 (agosto/nov. 1927).
500 ## - GENERAL NOTE
General note Title from caption.
515 ## - NUMBERING PECULIARITIES NOTE
Numbering peculiarities note Año 1-año 3 called 2. época.
515 ## - NUMBERING PECULIARITIES NOTE
Numbering peculiarities note No numbers issued for Dec. 1924, Feb.-Apr. 1925, Jan.-Apr. 1926.
580 ## - LINKING ENTRY COMPLEXITY NOTE
Linking entry complexity note Reprint, with an introduction by Horacio Salas. Originally published: Buenos Aires : [s.n.]. Reprint edition has title: Revista Martín Fierro.
590 ## - LOCAL NOTE (RLIN)
Local note SERBIB/SERLOC merged record
650 #0 - SUBJECT ADDED ENTRY--TOPICAL TERM
Topical term or geographic name entry element Arts, Argentine.
650 #0 - SUBJECT ADDED ENTRY--TOPICAL TERM
Topical term or geographic name entry element Arts.
650 #7 - SUBJECT ADDED ENTRY--TOPICAL TERM
Topical term or geographic name entry element Arts.
Source of heading or term fast
Authority record control number or standard number (OCoLC)fst00817721
650 #7 - SUBJECT ADDED ENTRY--TOPICAL TERM
Topical term or geographic name entry element Arts, Argentine.
Source of heading or term fast
Authority record control number or standard number (OCoLC)fst00817903
710 2# - ADDED ENTRY--CORPORATE NAME
Corporate name or jurisdiction name as entry element Fondo Nacional de las Artes (Argentina)
Real World Object URI https://id.oclc.org/worldcat/entity/E39QQPVp7PDdCTP8RMkWGgwrkt
740 0# - ADDED ENTRY--UNCONTROLLED RELATED/ANALYTICAL TITLE
Uncontrolled related/analytical title Revista Martín Fierro.
775 1# - OTHER EDITION ENTRY
Title Martin Fierro (Buenos Aires, Argentina : 1924)
Record control number (OCoLC)11634155
-- (OCoLC)11634155
890 ## -
-- Martín Fierro (Buenos Aires, Argentina : 1924)
-- 96-655625
906 ## - LOCAL DATA ELEMENT F, LDF (RLIN)
a 7
b cbc
c serials
d u
e ncip
f 19
g n-oclcserc
920 ## -
-- Keep 1
991 ## -
-- c-GenColl
-- NX531.A1
-- M37
-- SERIALS
992 ## -
-- B/L
-- SERLOC
Holdings
Withdrawn status Lost status Damaged status Not for loan Home library Current library Shelving location Date acquired Total checkouts Full call number Barcode Date last seen Price effective from Koha item type
        Franklin Franklin General stacks 22/03/2026   NX531.A1 LOC-FRL-00061 22/03/2026 22/03/2026 Books